000 00698nam a2200193 4500
999 _c170470
_d170470
005 20220607163118.0
010 _aENG-127149
020 _a9789352876457
_c875.00
035 _aEN-110681
037 _bDBAD/PUB
082 _a891.400
100 _aAnjaria, Ulka
245 _aReading India now :
_bcontemporary formations in literature and popular culture /
_cby Michael Freeman [and] Joel Ross
260 _aHyderabad
_bOrient Blankswan Private
_c2019
270 _a3-6-752 Himayatnagar, Hyderabad
_bTelangana
_e500029
_mindo@orientblackswan.com
300 _axiv;264p .
_c23cm(Hb)
500 _aIncludes bibliographical references and index
942 _2ddc
_cEN
_h891.400
_mANJ